000 00447nam a22001337a 4500
082 _a001
_bENC/U
100 _aENCYCLOPEDIA BRITANICA
245 _aULTIMATE READY REFERENCE- BRITANICA VISUAL DICTIONARY
_b BRITANICA VISUAL DICTIONARY
246 _a BRITANICA VISUAL DICTIONARY
_b BRITANICA VISUAL DICTIONARY
260 _aUSA
_bENCYCLOPEDIA BRITANICA
520 _a BRITANICA VISUAL DICTIONARY
650 _a BRITANICA VISUAL DICTIONARY
942 _cVM
999 _c7828
_d7828